Detalles MARC
| 000 -CABECERA |
| campo de control de longitud fija |
01263nam a2200289 a 4500 |
| 001 - NÚMERO DE CONTROL |
| campo de control |
000046465 |
| 003 - IDENTIFICADOR DEL NÚMERO DE CONTROL |
| campo de control |
DO-SdBNP |
| 005 - FECHA Y HORA DE LA ÚLTIMA TRANSACCIÓN |
| campo de control |
20220516120625.0 |
| 007 - CAMPO FIJO DE DESCRIPCIÓN FÍSICA--INFORMACIÓN GENERAL |
| campo de control de longitud fija |
ta |
| 008 - DATOS DE LONGITUD FIJA--INFORMACIÓN GENERAL |
| campo de control de longitud fija |
150817s2015 dr 000 0 spa d |
| 040 ## - FUENTE DE LA CATALOGACIÓN |
| Centro catalogador/agencia de origen |
DO-SdBNP |
| Lengua de catalogación |
spa |
| Centro/agencia transcriptor |
BNPHU |
| 082 #4 - NÚMERO DE LA CLASIFICACIÓN DECIMAL DEWEY |
| Número de clasificación |
021.7 |
| Número de documento/Ítem |
F356d, 2015 |
| Número de edición |
22 |
| 111 2# - ENTRADA PRINCIPAL--NOMBRE DE CONGRESO/REUNIÓN |
| Nombre de congreso/reunión o jurisdicción como elemento de entrada |
Feria Internacional del Libro |
| Número del congreso/reunión o número de parte o sección |
(18ª : |
| Fecha del congreso/reunión |
2015 : 23 abril al 4 mayo |
| Sede del congreso/Lugar de la reunión |
Santo Domingo, República Dominicana) |
| 9 (RLIN) |
74466 |
| 245 10 - MENCIÓN DE TÍTULO |
| Título |
XVIII Feria Internacional del Libro Santo Domingo 2015 : |
| Resto del título |
Programa :. |
| 246 13 - FORMA VARIANTE DE TÍTULO |
| Título propio/Titulo breve |
Decimoctava Feria Internacional del Libro Santo Domingo, 2015 |
| 260 ## - PUBLICACIÓN, DISTRIBUCIÓN, ETC. |
| Lugar de publicación, distribución, etc. |
Santo Domingo, República Dominicana : |
| Nombre del editor, distribuidor, etc. |
Ferelibro, |
| Fecha de publicación, distribución, etc. |
2015. |
| 300 ## - DESCRIPCIÓN FÍSICA |
| Extensión |
176 p. : |
| Otras características físicas |
il. ; |
| Dimensiones |
22 cm. |
| 500 ## - NOTA GENERAL |
| Nota general |
Dedicada a Manual Rueda, país invitado de honor Perú |
| 500 ## - NOTA GENERAL |
| Nota general |
A la cabeza de la portada ¡Leer te reinventa! |
| 500 ## - NOTA GENERAL |
| Nota general |
Conmemorando el 50 aniversario de la Revolución de Abril de 1965 |
| 590 ## - NOTA LOCAL (RLIN) |
| Nota local |
Inventariado,2019/VM |
| 611 24 - PUNTO DE ACCESO ADICIONAL DE MATERIA--NOMBRE DE REUNIÓN/CONGRESO |
| Nombre de congreso/reunión o jurisdicción como elemento de entrada |
Feria internacional del libro |
| Subdivisión general |
(18ª : |
| Sede del congreso/Lugar de la reunión |
Santo Domingo, República Dominicana) |
| Subdivisión general |
Programas |
| 9 (RLIN) |
74467 |
| 650 #4 - PUNTO DE ACCESO ADICIONAL DE MATERIA--TÉRMINO DE MATERIA |
| Término de materia o nombre geográfico como elemento de entrada |
Industria del libro |
| Subdivisión geográfica |
República Dominicana |
| Subdivisión general |
Programas |
| 9 (RLIN) |
55292 |
| 650 #4 - PUNTO DE ACCESO ADICIONAL DE MATERIA--TÉRMINO DE MATERIA |
| Término de materia o nombre geográfico como elemento de entrada |
Feria del libro |
| Subdivisión geográfica |
República Dominicana |
| Subdivisión cronológica |
2015 |
| 9 (RLIN) |
74468 |
| 910 ## - DATOS DE OPCIÓN DEL USUARIO (OCLC) |
| Datos de opción del usuario |
Validado. Control de caliad. MFF |
| 942 ## - ELEMENTOS DE PUNTO DE ACCESO ADICIONAL (KOHA) |
| Fuente del sistema de clasificación o colocación |
Dewey Decimal Classification |
| Tipo de ítem Koha |
Libro |